| 000 | 00727nam a2200253Ia 4500 | ||
|---|---|---|---|
| 003 | OSt | ||
| 005 | 20220928125420.0 | ||
| 006 | a|||||r|||| 00| 0 | ||
| 007 | ta | ||
| 008 | 220927b |||||||| |||| 00| 0 eng d | ||
| 024 | _a78869 | ||
| 037 | _cTextual | ||
| 040 |
_aSDCL _cSDCL _beng |
||
| 041 |
_2eng _aeng |
||
| 082 | _aS:84g, M5 | ||
| 100 | _aHersen Michel Ed. | ||
| 245 | 0 | _aHandbook of clinical behavior therapy with adults. | |
| 260 |
_aNew York _b Plenum _c1985 |
||
| 300 |
_axvii,732p _ccm. |
||
| 650 |
_aClinical Psychology-Handbooks _9421535 |
||
| 700 |
_a Bellack Alan S Ed. _9428992 |
||
| 942 |
_hS:84g, M5 _cTEXL _2CC |
||
| 999 |
_c782169 _d782169 |
||